Guess the Language - Statistics

General Stats
  • This quiz has been taken 1,387 times
  • The average score is 6 of 15
Answer Stats
'Thank You' Language % Correct
Gracias Spanish
98%
Merci French
86%
Teşekkürler Turkish
83%
Grazie Italian
79%
Cảm ơn bạn Vietnamese
66%
Tack Swedish
39%
Bedankt Dutch
38%
Mahalo Hawaiian
30%
Grazzi Maltese
14%
Salamat Filipino
11%
Ačiū Lithuanian
11%
Diolch Welsh
10%
Ngiyabonga Zulu
9%
Spas dikim Kurdish
2%
hatur nuhun Sundanese
2%
No matching quizzes found
Score Distribution
Percent of People with Each Score
Percentile by Number Answered
Your Score History
You have not taken this quiz